000 00739nam a22002177a 4500
999 _c16168
_d16168
003 AR-CdUCM
008 190409b ||||| |||| 00| 0 spa d
040 _aMUNICIPALIDAD PROVINCIAL DEL CUSCO
_cBIBLIOTECA MUNICIPAL DEL CUSCO
082 _a920.9 /
_bV29
100 _aValderrama Fernández, Ricardo
_97653
245 _aGregorio Condori Mamani :
_bautobiografía /
260 _aCusco :
_bJean,
_c1992.
300 _a123 páginas ;
_bIlustraciones,
_c21.5 cm.
505 _aContenido: Gregorio -- Asunta mujer de Gregorio.
650 _aBiografías
_9148
650 _aCampesinos
_94401
650 _aTrabajadores
_98056
700 _aEscalante Gutiérrez, Carmen (Coautora)
_930377
942 _2ddc
_cLIBROS
945 _awnts
_d2019-05-2